000 03443nam0a22004331 4500
001 RU\NLR\A1\1533
005 20260405214610.0
035 _a(NLR Aleph) 009671685
090 _a9664274
_c9664274
100 _a19961218d1786 m y0rusy50 ca
101 0 _arus
102 _aRU
140 _ay y cayaa0000
200 1 _aКалиф на час
_eкомическая опера в четырех действиях.
_fСочинения к.[нязя] Д.Горчакова
210 _aВ Москве
_cпечатано в Театральной типографии, у Хр.Клаудий [!]
_d1786
215 _a78 c.
_d
316 _aЭкз. РНБ (18.169.2.176) в составном картон. пер., обтянутом желтой бумагой, с ледериновыми зелеными корешком и уголками. На нижней крышке пер. наклейка с шифром РНБ. Корешок гладкий. Тит. л. подклеен. переплет: 20,3х11,9х0,9 см
_5NLR: 18.169.2.176
316 _aЭкз. РНБ (138/2818) является частью владельч. конволюта. Припл. к: Мармонтель Ж.Ф. Земира и Азор, : Зрелище феическое, с музыкою и балетами; / В четырех действиях и в стихах г. Мармонтеля. ; Музыка г. Гретри. ; Переведено с францускаго. - СПб.: [Тип. Мор. кадет. корпуса], 1784. На обороте тит. л. и с.33 круглый штамп ГПБ. По всему кн. блоку потеки. На с.19 рукоп. помета. У с.75-76 вырван фрагм.
_5NLR: 138/2818
317 _aВ экз. РНБ (138/2818) на с.5 владельч. запись: "Ивана Дъяканова".
_5NLR: 138/2818
321 1 _aСК XVIII 1586
482 0 _1001RU\NLR\A1\11290
_12001#$aЗемира и Азор,$eЗрелище феическое, с музыкою и балетами;$fВ четырех действиях и в стихах г. Мармонтеля.$gМузыка г. Гретри.$gПереведено с францускаго
_1210##$aСПб.$c[Тип. Мор. кадет. корпуса]$d1784
_99674972
_aМармонтель, Ж. Ф. (1723-1799)
_cВ Санктпетербурге
_d1784
_fв четырех действиях и в стихах г. Мармонтеля.
_n[тип. Мор. кадет. корпуса]
_oзрелище феическое, с музыкою и балетами;
_p68 c.
_tЗемира и Азор,
620 _dМосква
700 1 _4070
_8rus
_7ca
_aГорчаков
_bД. П.
_f1758-1824
_gДмитрий Петрович
_3RU\NLR\AUTH\7797544
_980470
702 1 _aДъяканов
_bИ.
_gИван
_5NLR: 138/2818
_4390
702 1 _4610
_7ca
_8rus
_aКлаудий
_bХ.А.
_f-1805
_gХристофор Александрович
_9232381
_3RU\NLR\AUTH\770232437
712 0 0 _4610
_aКлаудий,
_cМосква
_gХ. А.,
_hтипография при Театре
_9515361
_3RU\NLR\AUTH\880425419
801 0 _aRU
_bNLR
_c19961218
852 _aNLR
_j18.169.2.176
852 _aNLR
_j138/2818
899 _aСПбГТБ
899 _aБАН
899 _aГПИБ
899 _aСПбГТБ
899 _aБАН
899 _aГПИБ
942 _cBOOK
980 _aNB
980 _aA1XVIIIv